| 000 | nam a22 7a 4500 | ||
|---|---|---|---|
| 999 |
_c28614 _d28613 |
||
| 003 | OSt | ||
| 005 | 20170525222427.0 | ||
| 008 | 170525b xxu||||| |||| 00| 0 eng d | ||
| 020 | _a971256135098 | ||
| 040 |
_aMMU _beng _cMMU _dMMU |
||
| 050 | _aBF698.D38 2011 | ||
| 100 | _aDay B.Richard | ||
| 245 |
_aPsychology 2b3theories of personality handbook/ _cRichard B.Day |
||
| 250 | _a6th ed. | ||
| 260 |
_aBoston: _bPearson Education, _c2011. |
||
| 300 | _av,161p.; | ||
| 650 |
_apsychology _9439 |
||
| 942 |
_2lcc _cLOAN LOAN _e6th ed. |
||